000 00834nas a2200265 4500
001 BR0602618
003 BR-BrBNA
005 20231205110040.0
007 ta
008 230509b bl.|||p| |||| 00| 00por d
040 _aBR-BrBNA
_bpor
_cBiblioteca Nacional de Agricultura
041 _a(Pt)
072 _aL70
100 1 _aRabelo, R.C.
100 1 _aMelo, M.M.
100 1 _aSilva Júnior, P.G.
100 1 _aLúcia, M.
245 1 _aAvaliação das pressões venosa e arterial em cães submetidos a diferentes tipos de hipotensão
650 _aCÃO
650 _aPRESSÃO ARTERIAL
650 _aMEDICAMENTO
773 0 _tArquivo Brasileiro de Medicina Veterinária e Zootecnia (Brazil)
_xISSN 0102-0935
_g(Dec 2005), v. 57(6) p. 741-748
_wBR0602618
909 _a202311
_bLúcia
_c55
_dLúcia Elande
942 _2AGRIS
_n0
_cANA
999 _c185976
_d185976